1067 1642 1835 1979 1421 1704 1496 1426 1201 1183 1513 1515 1853 1945 1847 1658 1418 1505 1575 1372 1692 1181 1895 1531 1073 1055 1084 1895 1387 1786 1794 1148 1744 1465 1135 1314 1914 1015 1102 1903 1260 1762 1529 1281 1496 1149 1511 1502 1951 1573 1804 1914 1383 1525 1475 1661 1386 1080 1079 1830 1430 1865 1277 1195 1333 1314 1656 1855 1156 1524 1808 1368 1607 1107 1811 1261 1917 1181 1493 1421 1144 1965 1963 1840 1199 1752 1548 1199 1568 1842 1244 1618 1229 1355 1175 1549 1511 1121 1332 BCNSPRNW ULIB Ver.6.0+V

เปลี่ยนเป็นภาษาไทย

Change to English
 แสดงรายละเอียดบรรณานุกรม
  กลับหน้าหลัก

Brief Record : Get Marc (ISO 2709) : E-mail record : QR code < ปิดหน้าต่าง
LEADER : 00000nam 2200000uu 4500
001    13399111342
003     ULIB
008    110622s2550||||th 000 0 tha d
020    9789747489965
050  4 BF1922.T5^bก112S 2550
100 0  กชนก โตธนายานนท์
245 10 Super Richy it s not easy to be me ตอน อุบัติการณ์มหัศจรรย์ /^cเขียน/เรียบเรียง กชนก โตธนายานนท์; ผู้ช่วยเรียบเรียง อาภาพร อุดมพืช
246 30 อุบัติการณ์มหัศจรรย์
250    พิมพ์ครั้งที่ 7
260    เชียงใหม่ :^bริชบุ๊ค,^c2550
300    387 หน้า :^bภาพประกอบ ;^c21 ซม.
650  7 พลังจิต
700 0  อาภาพร อุดมพืช
945    ^p294^l0^i022274
995    ทศพร
999 ^a ใช้งานได้ทุกระบบ
รายการนี้ยังไม่มีแท็ก
คุณยังไม่ได้ล็อกอิน คุณสามารถมีกิจกรรมร่วมกับเว็บไซต์ได้ แต่ต้องล็อกอินก่อน ::
  ล็อกอิน

รายการสื่อสารสนเทศ

ลำดับที่ ประเภท เลขเรียก/บาร์โค้ด สถานที่ สถานะ
- ไม่พบข้อมูล -

รายการใกล้เคียง
    หัวเรื่อง [พลังจิต]

BibComment


ยังไม่เคยถูกคอมเมนท์

คอมเมนท์ทรัพยากรรายการนี้
  คอมเมนท์: Super Richy it s ..


 Copyright 2026. Bcnsprnw @Library